000 00286nam a2200133 i 4500
001 bg
100 1 _aKORDYS, J.
245 0 _aMózg i znaki /
_cJ. Kordys.
260 _aWarszawa,
_c1991.
040 _cBPK
041 _apol
942 _cKS
008 s pl f |000 0 pol
999 _c29389
_d29389
856 _uhttp://koha.tu.koszalin.pl/cgi-bin/koha/opac-detail.pl?biblionumber=29389
_yKatalog online BPK